[Event "London Classic - FIDE Open"]
[Site "Olympia"]
[Date "2009.12.11"]
[Round "4"]
[White "Maduekwe, Chiedu"]
[Black "Arkell, Keith C"]
[Result "0-1"]
[WhiteElo "2182"]
[BlackElo "2464"]
[PlyCount "94"]
[EventDate "2009.??.??"]

1. d4 e6 2. c4 Bb4+ 3. Bd2 a5 4. Nc3 Nf6 5. Nf3 d6 6. g3 Nbd7 7. Bg2 e5 8. O-O
O-O 9. Rc1 c6 10. Re1 Bxc3 11. Rxc3 Ne4 12. Rd3 Nxd2 13. Nxd2 f5 14. e4 f4 15.
Nf3 Qe7 16. c5 dxc5 17. Qb3+ Kh8 18. dxe5 b5 19. Qd1 Nxe5 20. Nxe5 Qxe5 21.
gxf4 Qxb2 22. e5 Bf5 23. Bxc6 Bxd3 24. Qxd3 Rxf4 25. Qe2 Qxe2 26. Rxe2 Ra7 27.
e6 Re7 28. Bxb5 g6 29. Bd7 Kg7 30. Re5 Rf5 31. Re4 Kf6 32. Ra4 Ke5 33. Kf1 Rf4
34. Rxa5 Kd4 35. Ra8 c4 36. Rc8 c3 37. Ke2 Rf5 38. a4 Rh5 39. Rc6 Rxh2 40. Rd6+
Kc5 41. Rd1 Kb4 42. Rb1+ Kc4 43. Bb5+ Kd4 44. Rd1+ Kc5 45. Bd7 Rh5 46. Ra1 Rd5
47. Kf3 Kb4 0-1

[Event "London Classic - FIDE Open"]
[Site "Olympia"]
[Date "2009.12.11"]
[Round "4"]
[White "Barle, Janez"]
[Black "Osborne, Marcus E"]
[Result "1-0"]
[WhiteElo "2420"]
[BlackElo "2232"]
[PlyCount "105"]
[EventDate "2009.??.??"]

1. e4 e6 2. Nf3 d5 3. Nc3 d4 4. Ne2 c5 5. Ng3 Nf6 6. Bb5+ Nbd7 7. c4 a6 8. Ba4
b5 9. cxb5 Qa5 10. b6 Qxb6 11. Ne5 Bd6 12. Nc4 Qc7 13. d3 Bf4 14. Bxf4 Qxf4 15.
e5 Ng4 16. Qf3 Qxf3 17. gxf3 Nh6 18. Nb6 Rb8 19. Nxc8 Rxc8 20. Ne4 Ke7 21. Bxd7
Kxd7 22. Rc1 Rc6 23. Nxc5+ Ke7 24. Kd2 Rd8 25. Nb3 Rb6 26. Rc7+ Rd7 27. Rhc1
Nf5 28. R1c4 g5 29. Kc2 Rb5 30. Rxd7+ Kxd7 31. Nc5+ Ke7 32. a4 Rb6 33. Ne4 h6
34. Rc7+ Kf8 35. Rc8+ Kg7 36. Nf6 h5 37. f4 gxf4 38. Nxh5+ Kh6 39. Nxf4 Kg5 40.
Ne2 Kg4 41. Rc4 Kf3 42. Nxd4+ Kxf2 43. Nxf5 exf5 44. Rf4+ Ke3 45. Rxf5 Rc6+ 46.
Kb3 Rc7 47. Rf6 a5 48. Rd6 Kd2 49. d4 Rb7+ 50. Ka3 Kc2 51. Rc6+ Kb1 52. Rc5
Rxb2 53. Rb5 1-0

[Event "London Classic - FIDE Open"]
[Site "Olympia"]
[Date "2009.12.11"]
[Round "4"]
[White "Anderton, Matthew N"]
[Black "Quillan, Gary"]
[Result "1-0"]
[WhiteElo "2232"]
[BlackElo "2394"]
[PlyCount "74"]
[EventDate "2009.??.??"]

1. e4 e6 2. d4 d5 3. Nd2 Nf6 4. e5 Nfd7 5. Bd3 c5 6. c3 Nc6 7. Ndf3 cxd4 8.
cxd4 f6 9. exf6 Nxf6 10. Nh3 Bd6 11. O-O O-O 12. Re1 Kh8 13. Nhg5 h6 14. Nxe6
Bxe6 15. Rxe6 Ng4 16. Rg6 Nxh2 17. Ng5 Qe7 18. Re6 Nf3+ 19. gxf3 Qd7 20. f4
Nxd4 21. Qg4 Nxe6 22. Qxe6 Qxe6 23. Nxe6 Rf6 24. f5 g6 25. Be3 Be5 26. Nd4 gxf5
27. f4 Bc7 28. Nxf5 Bb6 29. Re1 Re8 30. Kf2 d4 31. Bd2 Ref8 32. Re5 Bc7 33. Rd5
Bb6 34. Kf3 R8f7 35. Nxd4 Bc7 36. Nf5 Rc6 37. Bc3+ Rxc3 {time} 1-0

[Event "London Classic - FIDE Open"]
[Site "Olympia"]
[Date "2009.12.11"]
[Round "4"]
[White "Slavin, Alexei"]
[Black "Remmler, Hans-Peter"]
[Result "1/2-1/2"]
[WhiteElo "2392"]
[BlackElo "2218"]
[PlyCount "89"]
[EventDate "2009.??.??"]

1. d4 Nf6 2. Nf3 e6 3. e3 c5 4. Bd3 b6 5. O-O Bb7 6. c4 cxd4 7. exd4 d5 8. cxd5
Nxd5 9. Ne5 Bd6 10. Qg4 Kf8 11. Nc3 Nd7 12. Nxd5 Bxd5 13. Qh5 Nxe5 14. dxe5 Bc5
15. Bg5 Qb8 16. Be3 Qb7 17. Qg4 h5 18. Qh3 Rc8 19. Rac1 h4 20. Rc2 Bxe3 21.
Rxc8+ Qxc8 22. fxe3 Kg8 23. Qg4 h3 24. gxh3 Qc5 25. Qf4 Qe7 26. Rc1 Bb7 27. Be2
Rxh3 28. Bg4 Rh6 29. h3 Qd7 30. Qd4 Qd5 31. Qxd5 Bxd5 32. Rc8+ Kh7 33. Rc7 a5
34. Rxf7 Rg6 35. Kf2 Rg5 36. a3 Rxe5 37. Re7 Kg6 38. Re8 Bc4 39. Rc8 Rc5 40.
Rxc5 bxc5 41. Kf3 Kf6 42. h4 Ke5 43. Kf2 Ke4 44. Bf3+ Kf5 45. Ke1 1/2-1/2

[Event "London Classic - FIDE Open"]
[Site "Olympia"]
[Date "2009.12.11"]
[Round "4"]
[White "Ansell, Simon T"]
[Black "Rowe, Duane"]
[Result "1-0"]
[WhiteElo "2387"]
[BlackElo "2194"]
[PlyCount "119"]
[EventDate "2009.??.??"]

1. d4 e6 2. Nf3 Nf6 3. c4 c5 4. Nc3 a6 5. e4 cxd4 6. Nxd4 d6 7. Be2 Be7 8. O-O
Qc7 9. Be3 Nbd7 10. Rc1 b6 11. f4 Nc5 12. Bf3 Bb7 13. Qc2 h5 14. Kh1 Ng4 15.
Bg1 Rd8 16. Qe2 g5 17. b4 Nd7 18. f5 Rh6 19. fxe6 fxe6 20. Bxg4 hxg4 21. Qxg4
Ne5 22. Nxe6 Nxg4 23. Nxc7+ Kd7 24. N7d5 Nxh2 25. Bxh2 Rdh8 26. Kg1 Rxh2 27.
Kf2 Bd8 28. Ne3 R2h4 29. Nf5 Rf8 30. Kg3 Rh7 31. Nd5 b5 32. c5 dxc5 33. bxc5
Bc7+ 34. Nxc7 Kxc7 35. Nd6 Rxf1 36. Rxf1 Re7 37. a3 Bc6 38. Kf3 Re5 39. Rc1 a5
40. Ke3 Kd7 41. Kd4 Re7 42. Rb1 Kd8 43. g3 g4 44. e5 Rh7 45. Nxb5 Rh3 46. Na7
Kc7 47. Nxc6 Kxc6 48. Rb6+ Kc7 49. Rb3 a4 50. Re3 Rh1 51. e6 Kd8 52. c6 Rc1 53.
Kd5 Ke7 54. Re4 Rd1+ 55. Rd4 Rxd4+ 56. Kxd4 Kd6 57. c7 Kxc7 58. Ke5 Kd8 59. Kf6
Ke8 60. e7 1-0

[Event "London Classic - FIDE Open"]
[Site "Olympia"]
[Date "2009.12.11"]
[Round "4"]
[White "Pcola, Pavol"]
[Black "Lasinskas, Povilas"]
[Result "1-0"]
[WhiteElo "2386"]
[BlackElo "2187"]
[PlyCount "74"]
[EventDate "2009.??.??"]

1. c4 Nf6 2. g3 g6 3. Bg2 Bg7 4. Nc3 O-O 5. Nf3 d6 6. O-O c6 7. d4 Qc7 8. h3
Nbd7 9. e4 e5 10. Be3 Re8 11. Qc2 Nf8 12. Rad1 b5 13. cxb5 cxb5 14. Qb3 Rb8 15.
Rc1 Qa5 16. Ng5 Ne6 17. dxe5 dxe5 18. Nd5 h6 19. Nxe6 Bxe6 20. Rfd1 Kh8 21. a3
Rbc8 22. Qb4 Qxb4 23. Nxb4 Bb3 24. Rd6 Rxc1+ 25. Bxc1 a5 26. Nc6 a4 27. Bd2 Bc2
28. f3 Bf8 29. Rd8 Bc5+ 30. Kh2 Rxd8 31. Nxd8 Kg7 32. Nc6 Bd4 33. Bc3 Bxc3 34.
bxc3 Nd7 35. Bf1 f5 36. Bxb5 fxe4 37. Nb4 exf3 1-0

[Event "London Classic - FIDE Open"]
[Site "Olympia"]
[Date "2009.12.11"]
[Round "4"]
[White "Stephan, Axel"]
[Black "Madan, Augustin"]
[Result "1-0"]
[WhiteElo "2225"]
[BlackElo "2384"]
[PlyCount "105"]
[EventDate "2009.??.??"]

1. e4 e6 2. d3 d5 3. Nd2 Nf6 4. Ngf3 c5 5. g3 Nc6 6. Bg2 Be7 7. O-O b5 8. a4 b4
9. exd5 exd5 10. d4 O-O 11. dxc5 Bxc5 12. Nb3 Bb6 13. Nfd4 Nxd4 14. Nxd4 Ne4
15. a5 Bc5 16. Be3 Ba6 17. Nc6 Qf6 18. Qxd5 Bxf1 19. Rxf1 Nxg3 20. Qxc5 Nxf1
21. Kxf1 Rae8 22. Qd4 Qf5 23. Qd3 Qh5 24. h3 f5 25. Nxb4 f4 26. Qd5+ Qxd5 27.
Bxd5+ Kh8 28. Bxa7 f3 29. Be3 Rb8 30. c3 Rf5 31. Bb6 Rf6 32. Bd4 Rf5 33. a6
Rff8 34. a7 Rbd8 35. a8=Q Rxa8 36. Bxa8 Rxa8 37. Ke1 h5 38. Kd2 Re8 39. Be3 g5
40. Nc2 g4 41. hxg4 h4 42. Ne1 Rf8 43. Bd4+ Kh7 44. Be5 h3 45. Bg3 Kg6 46. b4
Kg5 47. b5 Kxg4 48. b6 Rf7 49. c4 Re7 50. Nd3 Kf5 51. c5 Ke6 52. c6 Rg7 53. b7
1-0

[Event "London Classic - FIDE Open"]
[Site "Olympia"]
[Date "2009.12.11"]
[Round "4"]
[White "Harari, Zaki"]
[Black "Cox, John J"]
[Result "0-1"]
[WhiteElo "2218"]
[BlackElo "2377"]
[PlyCount "106"]
[EventDate "2009.??.??"]

1. e4 e5 2. Nf3 Nc6 3. Bb5 Nf6 4. d3 Bc5 5. O-O Nd4 6. Ba4 Nxf3+ 7. Qxf3 O-O 8.
Nc3 c6 9. Bb3 Be7 10. Be3 d6 11. h3 Qc7 12. d4 b5 13. a3 a5 14. g4 Bb7 15. dxe5
dxe5 16. g5 Nd7 17. Rfd1 Nc5 18. Ba2 Bc8 19. h4 Be6 20. Bxe6 Nxe6 21. Ne2 Rad8
22. Qg4 Bc5 23. Bxc5 Nxc5 24. Ng3 g6 25. Rxd8 Rxd8 26. Rd1 Ne6 27. Nf1 Nf4 28.
Ne3 Qe7 29. Rxd8+ Qxd8 30. Qd1 Qxd1+ 31. Nxd1 f6 32. gxf6 Kf7 33. f3 Kxf6 34.
Ne3 Ke6 35. Kf2 Kd6 36. Ng4 h5 37. Ne3 a4 38. Nd1 Kc5 39. Nc3 Kd6 40. Nd1 Ke6
41. Ne3 Kf6 42. Kg3 Ne2+ 43. Kf2 Nf4 44. Kg3 g5 45. Nf5 Ne2+ 46. Kf2 Nd4 47.
hxg5+ Kxg5 48. Ne7 Kf6 49. Nc8 Nxc2 50. Nb6 Ke6 51. f4 exf4 52. Kf3 Ne3 53.
Kxf4 Nc4 0-1

[Event "London Classic - FIDE Open"]
[Site "Olympia"]
[Date "2009.12.11"]
[Round "4"]
[White "Gavriel, Tryfon C"]
[Black "Lagerman, Robert"]
[Result "1-0"]
[WhiteElo "2153"]
[BlackElo "2358"]
[PlyCount "47"]
[EventDate "2009.??.??"]

1. Nf3 Nf6 2. c4 g6 3. Nc3 c5 4. g3 Bg7 5. Bg2 O-O 6. O-O d5 7. cxd5 Nxd5 8.
Qa4 Nc6 9. Qc4 Ndb4 10. Qxc5 Bf5 11. d3 Nc2 12. Rb1 Rc8 13. Nd5 N2d4 14. Nxd4
Bxd4 15. Qb5 Be6 16. Nf4 Bxa2 17. Ra1 a6 18. Qxb7 Rc7 19. Qxa6 Nb4 20. Qa4 Qb8
21. Bd2 Bc5 22. Bxb4 Ra7 23. Ba5 Bb3 24. Qe4 1-0

[Event "London Classic - FIDE Open"]
[Site "Olympia"]
[Date "2009.12.11"]
[Round "4"]
[White "Rudd, Jack"]
[Black "Friedland, Jon S"]
[Result "1-0"]
[WhiteElo "2296"]
[BlackElo "2162"]
[PlyCount "75"]
[EventDate "2009.??.??"]

1. e4 c5 2. Nf3 d6 3. d4 cxd4 4. Nxd4 Nf6 5. Nc3 a6 6. Bg5 e6 7. f4 Be7 8. Qf3
Qc7 9. O-O-O h6 10. Bxf6 Bxf6 11. h4 Nc6 12. Nb3 Bd7 13. g4 O-O-O 14. Bg2 Kb8
15. Rd2 Rc8 16. Rhd1 Nb4 17. Rxd6 Nxa2+ 18. Kb1 Nxc3+ 19. bxc3 Bc6 20. g5 hxg5
21. hxg5 Be7 22. R6d2 Rcd8 23. Rxd8+ Rxd8 24. Rxd8+ Qxd8 25. Kb2 Qb6 26. Qh5 a5
27. Qxf7 Bc5 28. Qxg7 Be3 29. g6 Bxf4 30. Qf8+ Ka7 31. g7 Bh6 32. Ka2 a4 33.
Nd4 e5 34. Nxc6+ Qxc6 35. Qf2+ b6 36. g8=Q a3 37. Qff7+ Ka6 38. Qc4+ 1-0

[Event "London Classic - FIDE Open"]
[Site "Olympia"]
[Date "2009.12.11"]
[Round "4"]
[White "Britton, Richard L"]
[Black "Pedersen, Carsten"]
[Result "1/2-1/2"]
[WhiteElo "2254"]
[BlackElo "2155"]
[PlyCount "36"]
[EventDate "2009.??.??"]

1. e4 e6 2. d4 d5 3. Nc3 Nf6 4. Bg5 Be7 5. e5 Nfd7 6. Bxe7 Qxe7 7. f4 O-O 8.
Nf3 c5 9. Bd3 f6 10. exf6 Nxf6 11. dxc5 Qxc5 12. Qd2 Bd7 13. O-O-O b5 14. Ne5
b4 15. Ne2 Kh8 16. Ng1 Nc6 17. Ngf3 Nxe5 18. Nxe5 Bb5 1/2-1/2

[Event "London Classic - FIDE Open"]
[Site "Olympia"]
[Date "2009.12.11"]
[Round "4"]
[White "McKerracher, Douglas"]
[Black "Aikhoje, Odion"]
[Result "0-1"]
[WhiteElo "1957"]
[BlackElo "2252"]
[PlyCount "70"]
[EventDate "2009.??.??"]

1. e4 Nf6 2. e5 Nd5 3. Nc3 e6 4. Nxd5 exd5 5. Qf3 c6 6. d4 d6 7. Bd3 dxe5 8.
dxe5 Nd7 9. Qg3 Nc5 10. Nf3 Nxd3+ 11. cxd3 Bf5 12. O-O Bxd3 13. Re1 Bg6 14. e6
fxe6 15. Rxe6+ Kf7 16. Qh3 Qc8 17. Ng5+ Kg8 18. Qf3 Qd7 19. Bd2 Bf7 20. Re2 h6
21. Nxf7 Qxf7 22. Qe3 c5 23. Rae1 h5 24. Qh3 d4 25. Re5 Rd8 26. b3 Rd5 27. Re8
Qf5 28. Qg3 Rd7 29. R8e5 Qc2 30. Qh3 Rf7 31. Re8 Qxd2 32. Qe6 Qxf2+ 33. Kh1 Kh7
34. Qe4+ Qf5 35. Qe2 Bd6 0-1

[Event "London Classic - FIDE Open"]
[Site "Olympia"]
[Date "2009.12.11"]
[Round "4"]
[White "Lyell, Mark"]
[Black "Healey, Michael W"]
[Result "1-0"]
[WhiteElo "2245"]
[BlackElo "2058"]
[PlyCount "66"]
[EventDate "2009.??.??"]

1. e4 e5 2. Nc3 Bb4 3. f4 d6 4. Nf3 Nf6 5. fxe5 dxe5 6. Bc4 O-O 7. O-O Bg4 8.
d3 h6 9. Qe1 Nc6 10. Qg3 Bxf3 11. Rxf3 Nd4 12. Rf2 Kh7 13. Be3 Qd6 14. Raf1 Nh5
15. Qg4 Nf4 16. Bxf4 exf4 17. Nd5 b5 18. Nxb4 bxc4 19. c3 cxd3 20. Nxd3 f5 21.
Qxf4 Ne2+ 22. Rxe2 Qxd3 23. Qe3 Qxe3+ 24. Rxe3 f4 25. Ref3 g5 26. g3 Rfe8 27.
gxf4 Rxe4 28. fxg5 hxg5 29. Rf7+ Kg6 30. R1f6+ Kh5 31. Rxc7 Kg4 32. Kg2 Re2+
33. Rf2 Re1 1-0

[Event "London Classic - FIDE Open"]
[Site "Olympia"]
[Date "2009.12.11"]
[Round "4"]
[White "Conquest, Stuart C"]
[Black "Cannon, Raymond C"]
[Result "1-0"]
[WhiteElo "2563"]
[BlackElo "2067"]
[PlyCount "82"]
[EventDate "2009.??.??"]

1. e4 e6 2. d4 d5 3. e5 c5 4. c3 Nc6 5. Nf3 Qb6 6. a3 Bd7 7. Be2 cxd4 8. cxd4
Rc8 9. O-O Na5 10. Nbd2 Bb5 11. b4 Bxe2 12. Qxe2 Nc4 13. Nxc4 Rxc4 14. Be3 Qc7
15. Rfc1 Ne7 16. Qf1 Nf5 17. Nd2 Nxe3 18. fxe3 Rxc1 19. Rxc1 Qd7 20. Rc3 Be7
21. Qc1 Bd8 22. Nb3 O-O 23. Nc5 Qe7 24. Qd1 b6 25. Nd3 Qh4 26. Nf4 Bg5 27. g3
Qh6 28. b5 Bxf4 29. exf4 Qg6 30. Qc2 Qg4 31. Kg2 g6 32. Rc7 Ra8 33. a4 Kg7 34.
h3 Qh5 35. g4 Qh4 36. Qc6 Qe1 37. Qc2 Qb4 38. Kg3 Qxd4 39. Qc3 Qe4 40. Qd2 Qc4
41. Rxc4 dxc4 1-0

[Event "London Classic - FIDE Open"]
[Site "Olympia"]
[Date "2009.12.11"]
[Round "4"]
[White "Har-Even, Abir"]
[Black "Coleman, David J"]
[Result "1/2-1/2"]
[WhiteElo "2045"]
[BlackElo "2244"]
[PlyCount "95"]
[EventDate "2009.??.??"]

1. e4 c5 2. Nf3 d6 3. d4 cxd4 4. Nxd4 Nf6 5. Nc3 a6 6. Be3 e6 7. g4 h6 8. Bg2
Nc6 9. Nxc6 bxc6 10. e5 Nd5 11. exd6 Bxd6 12. Ne4 Be7 13. c4 Nxe3 14. Qxd8+
Kxd8 15. fxe3 Kc7 16. O-O-O f5 17. Nf2 Bd7 18. Nd3 Rhd8 19. e4 fxg4 20. Ne5 Be8
21. Nxg4 Rxd1+ 22. Rxd1 Bh5 23. h3 Rf8 24. Rf1 c5 25. Rxf8 Bxf8 26. Kc2 Be7 27.
Ne5 g5 28. Ng4 Bf8 29. Nf6 Bg6 30. Bf3 Kd6 31. Bh5 Bxh5 32. Nxh5 Ke7 33. Kd3
Kf7 34. e5 Kg6 35. Ng3 g4 36. hxg4 Kg5 37. Ne4+ Kxg4 38. a3 Kf5 39. Nf6 Be7 40.
Nd7 h5 41. Ke3 a5 42. b3 Bd8 43. Kf3 Bc7 44. Nxc5 Bxe5 45. Nd7 Bc7 46. b4 axb4
47. axb4 e5 48. Nxe5 1/2-1/2

[Event "London Classic - FIDE Open"]
[Site "Olympia"]
[Date "2009.12.11"]
[Round "4"]
[White "Taylor, Peter P"]
[Black "Milnes, Anthony C P"]
[Result "1-0"]
[WhiteElo "2221"]
[BlackElo "2064"]
[PlyCount "97"]
[EventDate "2009.??.??"]

1. Nf3 e6 2. c4 f5 3. g3 Nf6 4. Bg2 Be7 5. O-O O-O 6. d4 d6 7. Nc3 Ne4 8. Nxe4
fxe4 9. Nd2 d5 10. f3 exf3 11. Bxf3 Bf6 12. e3 c6 13. Qb3 Qb6 14. Bg2 Na6 15.
Nf3 Bd7 16. Bd2 Be8 17. c5 Qxb3 18. axb3 Bg6 19. Bh3 Rfe8 20. Bc3 Nc7 21. Rfe1
Nb5 22. Bf1 a6 23. Rec1 Nxc3 24. bxc3 e5 25. Re1 e4 26. Nd2 Bf5 27. c4 Rf8 28.
b4 Bd7 29. Be2 Rae8 30. Bd1 Bg5 31. Bb3 Be6 32. cxd5 cxd5 33. b5 axb5 34. Ra5
Re7 35. Rxb5 Rd8 36. Rb6 Bf7 37. h4 Bh6 38. g4 g6 39. g5 Bf8 40. Ra1 Rc7 41.
Kf2 Kg7 42. Ra7 Rdd7 43. Ba4 Re7 44. Nb1 Be6 45. Nc3 Bg8 46. Ke2 h6 47. Nb5
hxg5 48. Nxc7 gxh4 49. Ne8+ 1-0

[Event "London Classic - FIDE Open"]
[Site "Olympia"]
[Date "2009.12.11"]
[Round "4"]
[White "Lenier, Jude"]
[Black "Barrett, Stephen J"]
[Result "1-0"]
[WhiteElo "1828"]
[BlackElo "2202"]
[PlyCount "59"]
[EventDate "2009.??.??"]

1. e4 c5 2. Nf3 e6 3. d4 cxd4 4. Nxd4 Nf6 5. Nc3 d6 6. g4 e5 7. Nf5 h5 8. g5
Nxe4 9. Nxg7+ Bxg7 10. Nxe4 d5 11. Nc3 Bg4 12. Be2 Bxe2 13. Nxe2 h4 14. Nc3 d4
15. Ne4 Nc6 16. f4 Qd5 17. Qf3 O-O-O 18. O-O Kb8 19. f5 h3 20. Bd2 Rh4 21. Rae1
Rdh8 22. b4 Bf8 23. a3 Qc4 24. Qd3 b5 25. Nf6 Kc8 26. g6 Ne7 27. Rxe5 Qxd3 28.
cxd3 fxg6 29. Rc1+ Kd8 30. Re6 1-0

[Event "London Classic - FIDE Open"]
[Site "Olympia"]
[Date "2009.12.11"]
[Round "4"]
[White "Almond, Richard J"]
[Black "Ivens, Birger"]
[Result "1-0"]
[WhiteElo "2174"]
[BlackElo "2052"]
[PlyCount "51"]
[EventDate "2009.??.??"]

1. d4 d6 2. Nf3 Nf6 3. c4 c6 4. Nc3 Bf5 5. g3 Nbd7 6. Bg2 Qc7 7. O-O h6 8. d5
Ne5 9. Qb3 g5 10. Nxe5 dxe5 11. dxc6 bxc6 12. Be3 e4 13. Bc5 e6 14. Qa3 Qb6 15.
Bxf8 Rxf8 16. c5 Qc7 17. Qa4 Rb8 18. Rfd1 Ke7 19. Nxe4 Nxe4 20. Bxe4 Bxe4 21.
Qxe4 Rxb2 22. Rd6 Rfb8 23. Rad1 R8b5 24. Rxe6+ Kf8 25. Qh7 Rxa2 26. Qh8# 1-0

[Event "London Classic - FIDE Open"]
[Site "Olympia"]
[Date "2009.12.11"]
[Round "4"]
[White "Quinn, John M"]
[Black "Seymour, Timothy P"]
[Result "0-1"]
[WhiteElo "2161"]
[BlackElo "2041"]
[PlyCount "70"]
[EventDate "2009.??.??"]

1. d4 f5 2. e4 fxe4 3. Nc3 Nf6 4. Bg5 Nc6 5. d5 Ne5 6. Qe2 c6 7. f4 Nf7 8. Bxf6
gxf6 9. Nxe4 Qa5+ 10. c3 Bg7 11. d6 e6 12. Qg4 Kf8 13. Qh4 f5 14. Qe7+ Kg8 15.
Ng5 Nxg5 16. Qxg5 b5 17. Bd3 Bb7 18. Nf3 b4 19. O-O Qc5+ 20. Kh1 Qxd6 21. Rad1
Qf8 22. Rfe1 Qf6 23. Bxf5 Qxg5 24. fxg5 Bc8 25. Bg4 bxc3 26. bxc3 Bxc3 27. Re3
Bg7 28. h4 Rb8 29. h5 Rb4 30. Bxe6+ dxe6 31. Rd8+ Kf7 32. Rxh8 Bxh8 33. g6+
hxg6 34. hxg6+ Kxg6 35. Rd3 Bf6 0-1

[Event "London Classic - FIDE Open"]
[Site "Olympia"]
[Date "2009.12.11"]
[Round "4"]
[White "Player, Edmund C"]
[Black "Phillips, William"]
[Result "1-0"]
[WhiteElo "2149"]
[BlackElo "1998"]
[PlyCount "125"]
[EventDate "2009.??.??"]

1. e4 d6 2. d4 Nf6 3. Nc3 g6 4. Nf3 Bg7 5. Be3 c6 6. h3 Qc7 7. Qd2 h5 8. e5 Nd5
9. Nxd5 cxd5 10. Bf4 O-O 11. Be2 Bf5 12. c3 Nc6 13. exd6 exd6 14. O-O Rae8 15.
Nh4 Qe7 16. Nxf5 Qxe2 17. Nxd6 Qxd2 18. Bxd2 Re2 19. Rad1 Rd8 20. Nb5 a6 21.
Na3 Rde8 22. Rfe1 Rxe1+ 23. Rxe1 Rxe1+ 24. Bxe1 Bh6 25. Nb1 Bc1 26. b3 b5 27.
Kf1 Kg7 28. Ke2 Bf4 29. Kd3 Kf6 30. c4 Ke6 31. cxd5+ Kxd5 32. Nc3+ Kd6 33. g4
hxg4 34. hxg4 f5 35. Ne2 Bh6 36. f3 Bg7 37. Bg3+ Kd7 38. a3 Bf8 39. b4 a5 40.
bxa5 Bxa3 41. Be1 b4 42. a6 Kc7 43. Bg3+ Kb6 44. d5 Na7 45. d6 b3 46. d7 Nc6
47. Kc4 b2 48. Nc3 Kxa6 49. Kb3 b1=Q+ 50. Nxb1 Be7 51. Kc4 Kb7 52. Kd5 Bd8 53.
Nd2 fxg4 54. fxg4 Ne7+ 55. Ke6 Ng8 56. Nc4 Nh6 57. Ne5 g5 58. Nf7 Nxf7 59. Kxf7
Kc6 60. Ke8 Ba5 61. d8=Q Bxd8 62. Kxd8 Kd5 63. Ke7 1-0

[Event "London Classic - FIDE Open"]
[Site "Olympia"]
[Date "2009.12.11"]
[Round "4"]
[White "Green, Conrad"]
[Black "Gregory, Philip J"]
[Result "1/2-1/2"]
[WhiteElo "1650"]
[BlackElo "2110"]
[PlyCount "108"]
[EventDate "2009.??.??"]

1. d4 d5 2. c4 c6 3. Nc3 dxc4 4. e4 b5 5. a4 b4 6. Na2 Nf6 7. e5 Nd5 8. Bxc4 e6
9. Nf3 Bb7 10. Qb3 Qb6 11. Bxd5 cxd5 12. Be3 Nc6 13. O-O Na5 14. Qd1 Ba6 15.
Re1 b3 16. Nc1 Bc4 17. Bd2 Nc6 18. Bc3 a5 19. Nd2 Rb8 20. Re3 Be7 21. Rg3 g6
22. Nxc4 dxc4 23. Qe2 Nxd4 24. Bxd4 Qxd4 25. Rg4 Qd5 26. Rxc4 O-O 27. Rc3 Rfc8
28. Rd3 Qc4 29. h3 Bg5 30. Kh2 Bxc1 31. Rd8+ Kg7 32. Qxc4 Rxc4 33. Rxb8 Bxb2
34. Re1 Bc3 35. Re3 b2 36. Rb3 Bd4 37. Re4 Rc1 38. Rxd4 b1=Q 39. Rxb1 Rxb1 40.
Re4 Rb2 41. f3 Kf8 42. Kg3 Ke7 43. Rc4 Rb4 44. Rc7+ Kf8 45. Ra7 Rxa4 46. f4 h5
47. Rc7 Ra3+ 48. Kh4 Kg7 49. g4 hxg4 50. hxg4 Ra4 51. Kg5 Re4 52. Ra7 a4 53.
Ra5 Rb4 54. Ra7 Re4 1/2-1/2

[Event "London Classic - FIDE Open"]
[Site "Olympia"]
[Date "2009.12.11"]
[Round "4"]
[White "Bass, John W"]
[Black "Sagues, Vincent"]
[Result "1/2-1/2"]
[WhiteElo "2068"]
[BlackElo "1948"]
[PlyCount "49"]
[EventDate "2009.??.??"]

1. d4 d5 2. c4 e6 3. Nc3 Nf6 4. Bg5 Be7 5. e3 Nbd7 6. Nf3 c6 7. Bd3 O-O 8. Qc2
h6 9. Bh4 dxc4 10. Bxc4 Nd5 11. Bxe7 Qxe7 12. O-O N5b6 13. Bd3 c5 14. Rfe1 cxd4
15. exd4 Nf6 16. Rad1 Bd7 17. d5 Qc5 18. dxe6 Bxe6 19. Nd4 Bg4 20. Nce2 Qxc2
21. Bxc2 Rfe8 22. h3 Bd7 23. Ng3 Rxe1+ 24. Rxe1 Re8 25. Kf1 1/2-1/2

[Event "London Classic - FIDE Open"]
[Site "Olympia"]
[Date "2009.12.11"]
[Round "4"]
[White "Sinanan, Joshua C"]
[Black "Phillips, Owen S"]
[Result "1-0"]
[WhiteElo "2249"]
[BlackElo "2003"]
[PlyCount "107"]
[EventDate "2009.??.??"]

1. d4 e6 2. c4 f5 3. g3 d5 4. Bg2 c6 5. Qc2 Bd6 6. Nf3 Nf6 7. O-O O-O 8. b3
Nbd7 9. Ba3 Qe7 10. Bxd6 Qxd6 11. Qb2 Ne4 12. Na3 Ndf6 13. Ne5 Bd7 14. Nc2 Be8
15. Ne1 dxc4 16. bxc4 Rd8 17. e3 b5 18. c5 Qc7 19. a4 a5 20. axb5 cxb5 21. N1d3
Nd5 22. Rfc1 b4 23. c6 Ndc3 24. f3 Nd6 25. Rxc3 bxc3 26. Qxc3 Ra8 27. Nc5 Rf6
28. Bf1 h5 29. Na6 Qb6 30. Rxa5 h4 31. Qc5 Qb3 32. Ra3 Qb2 33. Qc3 Qb1 34. Ra1
Qb6 35. Bd3 hxg3 36. hxg3 Nb5 37. Qa5 Qxa5 38. Rxa5 Bxc6 39. Nxc6 Nc3 40. Bc4
Nd5 41. Bxd5 exd5 42. Ncb4 Rg6 43. Kf2 Rc8 44. Rc5 Rd8 45. Nc7 Rb8 46. Ncxd5
Rh6 47. Kg2 Ra8 48. Ne7+ Kf8 49. Nxf5 Rb6 50. Nd5 Rb2+ 51. Kh3 g6 52. Nh4 g5
53. Nf5 Raa2 54. Kg4 1-0

[Event "London Classic - FIDE Open"]
[Site "Olympia"]
[Date "2009.12.11"]
[Round "4"]
[White "Regan, Natasha K"]
[Black "Boger, Raymond"]
[Result "1/2-1/2"]
[WhiteElo "2170"]
[BlackElo "1959"]
[PlyCount "67"]
[EventDate "2009.??.??"]

1. d4 Nf6 2. Nf3 g6 3. Nc3 Bg7 4. e4 d6 5. Be3 Ng4 6. Bg5 f6 7. Bh4 Nc6 8. Bc4
e5 9. h3 exd4 10. Nxd4 Nge5 11. Ne6 Bxe6 12. Bxe6 g5 13. Bg3 h5 14. h4 g4 15.
Nd5 Ne7 16. f4 c6 17. Nxe7 Kxe7 18. fxe5 Kxe6 19. Qxd6+ Qxd6 20. exd6 Rhd8 21.
O-O Bf8 22. Rad1 Rd7 23. Rf5 Rad8 24. Rdf1 Bxd6 25. Rxf6+ Ke7 26. Bxd6+ Rxd6
27. Rxd6 Rxd6 28. Rf5 Rd2 29. Rxh5 g3 30. Rf5 Rd1+ 31. Rf1 Rd2 32. Rf3 Rd1+ 33.
Rf1 Rd2 34. Rf3 1/2-1/2

[Event "London Classic - FIDE Open"]
[Site "Olympia"]
[Date "2009.12.11"]
[Round "4"]
[White "Odeh, Kenneth"]
[Black "Yeo, Michael J"]
[Result "1-0"]
[WhiteElo "2001"]
[BlackElo "2153"]
[PlyCount "101"]
[EventDate "2009.??.??"]

1. e4 e5 2. Nf3 Nc6 3. Bb5 a6 4. Bxc6 dxc6 5. O-O f6 6. d4 exd4 7. Nxd4 c5 8.
Ne2 Qxd1 9. Rxd1 Bd7 10. Nbc3 O-O-O 11. Bf4 Ne7 12. Bg3 g5 13. f3 Re8 14. a4 b6
15. a5 b5 16. Bf2 c4 17. b3 cxb3 18. cxb3 b4 19. Na4 Nc6 20. Bc5 Nxa5 21. Bxf8
Rhxf8 22. Nc5 Bb5 23. Nd4 Nb7 24. Nxa6 Bxa6 25. Rxa6 Rd8 26. Ra8+ Kd7 27. Ra7
Kc8 28. Ra8+ Kd7 29. Nc2+ Nd6 30. Rxd8+ Rxd8 31. Nxb4 c6 32. Ra1 Nb5 33. Rd1+
Nd6 34. Nd3 Kc7 35. Nc5 Ra8 36. Na4 Rb8 37. Rd3 Nb7 38. Kf2 Na5 39. Nc5 Rb5 40.
b4 Nc4 41. Rd7+ Kc8 42. Rxh7 Na3 43. Rf7 Nc2 44. Nd3 Nxb4 45. Nxb4 Rxb4 46.
Rxf6 Kd7 47. Rf5 Rb2+ 48. Kg3 Kd6 49. Rxg5 c5 50. Kf4 c4 51. Ke3 1-0

[Event "London Classic - FIDE Open"]
[Site "Olympia"]
[Date "2009.12.11"]
[Round "4"]
[White "Hayward, Alan"]
[Black "Krawczyk, Andrzej"]
[Result "0-1"]
[WhiteElo "1986"]
[BlackElo "2152"]
[PlyCount "86"]
[EventDate "2009.??.??"]

1. f4 d5 2. Nf3 c5 3. e3 Nc6 4. Bb5 Bg4 5. Bxc6+ bxc6 6. h3 Bxf3 7. Qxf3 Nf6 8.
b3 e6 9. Bb2 Be7 10. Nc3 O-O 11. Ne2 Rb8 12. g4 Ne4 13. g5 Qa5 14. Nc3 Nd6 15.
Ne2 Ne4 16. Nc3 Nd6 17. Ne2 Rb6 18. Ng3 Nf5 19. Nxf5 exf5 20. h4 Qa6 21. h5 Qc8
22. O-O-O Qe6 23. Rdg1 Rb7 24. Qg3 Re8 25. g6 fxg6 26. hxg6 h6 27. Bxg7 Kxg7
28. Rxh6 Rg8 29. Qh3 Rd7 30. Rh7+ Kf8 31. Rf7+ Qxf7 32. gxf7 Rxg1+ 33. Kb2 Bf6+
34. c3 Rxf7 35. Kc2 Bg7 36. Qh2 Rg6 37. Qe2 Kg8 38. a4 Rd6 39. Qa6 d4 40. Qa5
dxe3 41. dxe3 Rfd7 42. Qxc5 Rd2+ 43. Kc1 Rd1+ 0-1

[Event "London Classic - FIDE Open"]
[Site "Olympia"]
[Date "2009.12.11"]
[Round "4"]
[White "Casiot, David J"]
[Black "Tenioso, Jaydee"]
[Result "1-0"]
[WhiteElo "2143"]
[BlackElo "1861"]
[PlyCount "65"]
[EventDate "2009.??.??"]

1. e4 d5 2. exd5 Nf6 3. d4 Bg4 4. Be2 Bxe2 5. Nxe2 Qxd5 6. O-O e6 7. Nf4 Qf5 8.
Nc3 Bd6 9. Nce2 Nc6 10. c3 g5 11. Ng3 Qg4 12. Nfh5 Ke7 13. Qxg4 Nxg4 14. Bxg5+
f6 15. Bd2 Bxg3 16. hxg3 f5 17. f3 Nf6 18. Bg5 Raf8 19. g4 Rhg8 20. Bxf6+ Rxf6
21. Nxf6 Kxf6 22. gxf5 exf5 23. Kf2 Ne7 24. Rh1 Rg7 25. Rh2 Nd5 26. g3 Ke6 27.
Re1+ Kd7 28. Re5 Ne7 29. f4 c6 30. Kf3 a6 31. Rh5 Kd6 32. Re1 Kd5 33. Reh1 1-0